Control del agrietamiento de estructuras de concreto

Bibliographic Details
Format: Section = Libro
Language:Undetermined
Spanish
Published: México Limusa 1990
Subjects:
LEADER 00591nam a2200205Ia 4500
008 240829s9999 xx 000 0 und d
020 |a 968-18-2723-6 
040 |a BIBLIOTECA-RUPAP 690 I59 
041 |a spa 
082 |a 690 I59 
245 1 0 |a Control del agrietamiento de estructuras de concreto 
260 |a México  |b Limusa  |c 1990 
300 |a 142 p. :il. 
650 7 |a ESTRUCTURAS - HORMIGON - CONTROL 
650 7 |b  GRIETAS - HORMIGON 
650 7 |c  CONTROL - AGRIETAMIENTO - SISTEMAS DE CONCRETO 
650 7 |d  CONCRETO MASIVO. I. Tít. 
942 |c BK  |2 ddc 
991 |a TEXTO 
999 |c 10135